书目信息 |
| 题名: |
王明的这一生
|
|
| 作者: | 熊廷华 著 | |
| 分册: | ||
| 出版信息: | 武汉 湖北人民出版社 2009.04 |
|
| 页数: | 402页 | |
| 开本: | 21cm | |
| 丛书名: | ||
| 单 册: | ||
| 中图分类: | K827=73 | |
| 科图分类: | ||
| 主题词: | ||
| 电子资源: | ||
| ISBN: | 978-7-216-04783-8 | |
| 000 | 00763nam0 2200229 450 | |
| 001 | 012010919307 | |
| 005 | 20101106103856.09 | |
| 010 | @a978-7-216-04783-8@dCNY28.00 | |
| 100 | @a20101104d2009 em y0chiy0120 ea | |
| 101 | 0 | @achi |
| 102 | @aCN@b420000 | |
| 105 | @aa z 000yb | |
| 106 | @ar | |
| 200 | 1 | @a王明的这一生@Awang ming de zhe yi sheng@f熊廷华著@Fxiong ting hua zhu |
| 210 | @a武汉@c湖北人民出版社@d2009.04 | |
| 215 | @a402页@c图@d21cm | |
| 330 | @a本书共分为十五部分,介绍了王明的传奇人生,内容包括:走出大别山、朝圣莫斯科、无冕之王、冒险上海滩、异军突起等。 | |
| 600 | 0 | @a王明,@Awang ming@f1904-1974@j传记 |
| 690 | @aK827=73@v4 | |
| 701 | 0 | @a熊廷华@Axiong ting hua@4著 |
| 801 | 0 | @aCN@bQSSK@c20101106 |
| 905 | @b786906-08@dK827=73@eW282@f3 | |
| 王明的这一生/熊廷华著.-武汉:湖北人民出版社,2009.04 |
| 402页:图;21cm |
| ISBN 978-7-216-04783-8:CNY28.00 |
| 本书共分为十五部分,介绍了王明的传奇人生,内容包括:走出大别山、朝圣莫斯科、无冕之王、冒险上海滩、异军突起等。 |
| ● |
| 相关链接 |
|
|
|
正题名:王明的这一生
索取号:K827=73/W282
 
预约/预借
| 序号 | 登录号 | 条形码 | 馆藏地/架位号 | 状态 | 备注 |
| 1 | 786906 | 207869065 | 社科库309/309社科库 59排2列4层/ [索取号:K827=73/W282] | 在馆 | |
| 2 | 786907 | 207869074 | 社科库309/309社科库 59排2列4层/ [索取号:K827=73/W282] | 在馆 | |
| 3 | 786908 | 207869083 | 社科库309/309社科库 59排2列4层/ [索取号:K827=73/W282] | 在馆 |